[Event "Budapest Vezerkepzo IM 10"]
[Site "Budapest"]
[Date "2024.10.19"]
[Round "9"]
[White "Turzo, Attila"]
[Black "Advaitt, Srikant Koduri"]
[Result "1-0"]
[WhiteElo "2267"]
[BlackElo "2162"]
[PlyCount "89"]
[EventDate "2024.10.14"]
[EventType "tourn"]
[EventRounds "9"]
[EventCountry "HUN"]
[SourceTitle "CB43_2024"]
[Source "Chessbase"]
[SourceDate "2024.10.23"]
[SourceVersion "1"]
[SourceVersionDate "2024.10.23"]
[SourceQuality "1"]

1. d4 d5 2. c4 c6 3. Nc3 Nf6 4. e3 g6 5. Nf3 Bg7 6. Bd3 0-0 7. 0-0 dxc4 8. Bxc4 Bg4 9. h3 Bxf3 10. Qxf3 Nbd7 11. Rd1 e5 12. d5 e4 13. Nxe4 Ne5 14. Nxf6+ Bxf6 15. Qe2 Nxc4 16. Qxc4 cxd5 17. Rxd5 Rc8 18. Qb3 Qe7 19. Bd2 Qe4 20. Rd1 Qc2 21. Bb4 Qxb3 22. axb3 Rfd8 23. Rxd8+ Rxd8 24. Rxd8+ Bxd8 25. e4 f6 26. f4 Kf7 27. f5 Bb6+ 28. Kf1 Bd4 29. Bc3 Bc5 30. b4 Bd6 31. b5 Bc5 32. g4 Ke7 33. Ke2 Bg1 34. Kd3 Bh2 35. Kc4 Bf4 36. Kd5 Kf7 37. Bd4 Bb8 38. e5 fxe5 39. Bxe5 Bxe5 40. Kxe5 gxf5 41. gxf5 h6 42. f6 Kf8 43. Ke6 Ke8 44. f7+ Kf8 45. b3 1-0

[Event "Budapest Vezerkepzo IM 10"]
[Site "Budapest"]
[Date "2024.10.16"]
[Round "4"]
[White "Advaitt, Srikant Koduri"]
[Black "Munkhgal, Gombosuren"]
[Result "0-1"]
[WhiteElo "2162"]
[BlackElo "2410"]
[PlyCount "88"]
[EventDate "2024.10.14"]
[EventType "tourn"]
[EventRounds "9"]
[EventCountry "HUN"]
[SourceTitle "CB43_2024"]
[Source "Chessbase"]
[SourceDate "2024.10.23"]
[SourceVersion "1"]
[SourceVersionDate "2024.10.23"]
[SourceQuality "1"]

1. d4 Nf6 2. Nf3 g6 3. Bf4 Bg7 4. e3 d6 5. h3 0-0 6. Be2 c5 7. c3 Nc6 8. 0-0 cxd4 9. cxd4 e5 10. dxe5 dxe5 11. Nxe5 Nd5 12. Nxc6 bxc6 13. Nc3 Nxf4 14. exf4 Qf6 15. Qa4 Rb8 16. Rab1 Bf5 17. Rbc1 Rxb2 18. Bf3 Qd4 19. Bxc6 Bd3 20. Qxd4 Bxd4 21. Rfd1 Bxf2+ 22. Kh1 Be3 23. Ra1 Bc2 24. Rd7 Bf5 25. Re7 Bd4 26. Rc1 Rc8 27. Nd5 Kf8 28. Ree1 Bf2 29. Rf1 Be4 30. Ne7 Rxc6 31. Nxc6 Be3 32. Rg1 Bxc1 33. Rxc1 Bxg2+ 34. Kg1 Bxc6 35. Rxc6 Rxa2 36. Rc7 Kg7 37. Rb7 a5 38. Ra7 a4 39. h4 a3 40. Kh1 Kf6 41. Kg1 Ke6 42. Kf1 Kd5 43. Rxf7 Rb2 44. Ra7 a2 0-1

[Event "Budapest Vezerkepzo IM 10"]
[Site "Budapest"]
[Date "2024.10.15"]
[Round "3"]
[White "Advaitt, Srikant Koduri"]
[Black "Sagi, Bence"]
[Result "1/2-1/2"]
[WhiteElo "2162"]
[BlackElo "2205"]
[PlyCount "25"]
[EventDate "2024.10.14"]
[EventType "tourn"]
[EventRounds "9"]
[EventCountry "HUN"]
[SourceTitle "CB43_2024"]
[Source "Chessbase"]
[SourceDate "2024.10.23"]
[SourceVersion "1"]
[SourceVersionDate "2024.10.23"]
[SourceQuality "1"]

1. d4 d5 2. Nf3 Nf6 3. c4 c6 4. cxd5 cxd5 5. Nc3 Nc6 6. Bf4 a6 7. e3 Bf5 8. Rc1 Rc8 9. Bd3 Bxd3 10. Qxd3 e6 11. 0-0 Be7 12. h3 0-0 13. Na4 1/2-1/2

[Event "Madrid op"]
[Site "Madrid"]
[Date "2024.06.14"]
[Round "7"]
[White "Khamrakulov, Ibragim S"]
[Black "Advaitt, Srikant Koduri"]
[Result "1-0"]
[WhiteElo "2412"]
[BlackElo "2066"]
[PlyCount "111"]
[EventDate "2024.06.10"]
[EventType "swiss"]
[EventRounds "9"]
[EventCountry "ESP"]
[SourceTitle "CBM 220 Extra"]
[Source "ChessBase"]
[SourceDate "2024.07.31"]
[SourceVersion "1"]
[SourceVersionDate "2024.07.31"]
[SourceQuality "1"]

1. e4 c5 2. c3 Nf6 3. e5 Nd5 4. Bc4 Nb6 5. Bb3 c4 6. Bc2 Nc6 7. Nf3 d6 8. exd6 Qxd6 9. 0-0 Bg4 10. h3 Bh5 11. b3 Qd5 12. Re1 Bxf3 13. Qxf3 Qxf3 14. gxf3 e6 15. Re4 cxb3 16. axb3 Be7 17. d4 0-0 18. Na3 Nd5 19. Bd2 Rfd8 20. Nc4 Rac8 21. Ree1 b5 22. Ne3 Nxd4 23. cxd4 Nxe3 24. Bxe3 Rxc2 25. Rxa7 Bb4 26. Rea1 h5 27. Rb7 Bc3 28. Raa7 Bxd4 29. Bxd4 Rxd4 30. Rxf7 Rd1+ 31. Kg2 Rdd2 32. Rxg7+ Kf8 33. Rgb7 Rxf2+ 34. Kg3 Rg2+ 35. Kh4 Rc8 36. Rxb5 Rd8 37. f4 Kg8 38. Rg5+ Rxg5 39. fxg5 Rd3 40. b4 Rd4+ 41. Kxh5 Rxb4 42. Kg6 Kf8 43. Kf6 Rb8 44. h4 Kg8 45. h5 Kh8 46. h6 e5 47. Re7 Rf8+ 48. Kg6 Rg8+ 49. Kh5 Rd8 50. Rxe5 Kg8 51. g6 Rb8 52. h7+ Kg7 53. Re7+ Kf6 54. Ra7 Re8 55. Kh6 Kf5 56. Kg7 1-0

[Event "Madrid op"]
[Site "Madrid"]
[Date "2024.06.13"]
[Round "6"]
[White "Advaitt, Srikant Koduri"]
[Black "Sanroman Costas, Mauro"]
[Result "1/2-1/2"]
[WhiteElo "2066"]
[BlackElo "2143"]
[PlyCount "193"]
[EventDate "2024.06.10"]
[EventType "swiss"]
[EventRounds "9"]
[EventCountry "ESP"]
[SourceTitle "CBM 220 Extra"]
[Source "ChessBase"]
[SourceDate "2024.07.31"]
[SourceVersion "1"]
[SourceVersionDate "2024.07.31"]
[SourceQuality "1"]

1. d4 Nf6 2. Nf3 g6 3. Bf4 Bg7 4. e3 0-0 5. Be2 d6 6. h3 c5 7. c3 Be6 8. Nbd2 Qb6 9. Qc2 cxd4 10. exd4 Rc8 11. 0-0 Nc6 12. Nc4 Qd8 13. Ne3 Nd5 14. Nxd5 Bxd5 15. Qd2 b5 16. Bh6 Rab8 17. Bxg7 Kxg7 18. a3 Bxf3 19. Bxf3 d5 20. h4 h5 21. Rfe1 e6 22. g3 Qf6 23. Kg2 Na5 24. Rab1 Nc4 25. Qd3 a5 26. Rec1 Qf5 27. Qxf5 gxf5 28. Rd1 Kg6 29. Be2 Rc7 30. Kf3 Nd6 31. Rdc1 Rbc8 32. Rd1 Rb8 33. Rdc1 Ra7 34. Ke3 Nc4+ 35. Bxc4 bxc4 36. Kd2 Kf6 37. Re1 Rab7 38. Kc2 Rb3 39. f4 a4 40. Re3 Rg8 41. Rf1 Ke7 42. Kc1 Kd6 43. Rfe1 Rg4 44. R1e2 Rb8 45. Rf2 Rbg8 46. Rff3 R4g7 47. Kc2 f6 48. Kc1 Ke7 49. Kc2 Kd7 50. Kc1 Kd6 51. Kd2 Re8 52. Re2 Ke7 53. Rfe3 Kf7 54. Rf2 Kg6 55. Rfe2 Rge7 56. Re1 Kf7 57. Rf1 Rb8 58. Kc1 Ke8 59. Rfe1 Kd7 60. R1e2 Kd6 61. Rf3 Rf8 62. Rfe3 Rg8 63. Rf3 Rg4 64. Rfe3 e5 65. dxe5+ fxe5 66. Rxe5 Rxe5 67. Rxe5 Rxg3 68. Rxf5 Rg4 69. Rxh5 Rxf4 70. Rh8 Ke5 71. Re8+ Kd6 72. h5 Rh4 73. Rh8 Ke5 74. h6 Ke4 75. h7 Kd3 76. Kb1 Rh1+ 77. Ka2 Kc2 78. Ra8 Rxh7 79. Rxa4 Rh1 80. Rb4 Kd3 81. Rb5 Ke4 82. Rb4 Ke5 83. a4 Kd6 84. a5 Rh7 85. Ka3 Kc5 86. Ka4 Rh1 87. Rb5+ Kc6 88. Kb4 Ra1 89. Rb6+ Kc7 90. Kb5 Ra2 91. Ka6 Ra1 92. Rh6 Ra2 93. Rb6 Ra1 94. Rb4 Kc6 95. Rb7 Ra2 96. Rb8 Kc7 97. Rb6 1/2-1/2

[Event "Madrid op"]
[Site "Madrid"]
[Date "2024.06.10"]
[Round "1"]
[White "Yoo, Eugene"]
[Black "Advaitt, Srikant Koduri"]
[Result "1-0"]
[WhiteElo "2273"]
[BlackElo "2066"]
[PlyCount "77"]
[EventDate "2024.06.10"]
[EventType "swiss"]
[EventRounds "9"]
[EventCountry "ESP"]
[SourceTitle "CBM 220 Extra"]
[Source "ChessBase"]
[SourceDate "2024.07.31"]
[SourceVersion "1"]
[SourceVersionDate "2024.07.31"]
[SourceQuality "1"]

1. c4 c5 2. Nf3 Nf6 3. Nc3 Nc6 4. e3 g6 5. d4 cxd4 6. exd4 d6 7. d5 Nb8 8. Be2 Bg7 9. 0-0 0-0 10. Nd4 a6 11. Be3 e5 12. dxe6 fxe6 13. Qd2 Nc6 14. Rad1 d5 15. Nf3 Qd6 16. h3 Rd8 17. Bb6 Re8 18. b3 Ne5 19. Be3 Nxf3+ 20. Bxf3 Bd7 21. cxd5 e5 22. Ne4 Nxe4 23. Bxe4 Rac8 24. Rc1 Bf8 25. Rxc8 Rxc8 26. Rc1 Qb4 27. Rxc8 Bxc8 28. Qc2 Bd7 29. Qc7 Qxe4 30. Qxd7 Qf5 31. Qxb7 Qb1+ 32. Kh2 Qxa2 33. d6 Bxd6 34. Qd5+ Kg7 35. Qxd6 Qxb3 36. Qxe5+ Kg8 37. Qe8+ Kg7 38. Bd4+ Kh6 39. Qf8+ 1-0